| 000 | 01090nam a22003377a 4500 | ||
|---|---|---|---|
| 001 | 23144114 | ||
| 003 | OSt | ||
| 005 | 20210421055151.0 | ||
| 008 | 980429n1991 xx u001 0 eng u | ||
| 010 | _a 91000420 | ||
| 020 | _a0521392624 (hardcover) | ||
| 025 | _a000000077806 | ||
| 040 |
_aDNLM/DLC _cDLC _dNLM _beng |
||
| 041 | _aeng | ||
| 043 | _an-us--- | ||
| 049 | _aYYEA | ||
| 080 |
_a616.8 _bB-68 |
||
| 096 | _aWZ 100 H227B 1991 | ||
| 100 | 1 | _aBlustein, Bonnie Ellen. | |
| 245 | 1 | 0 |
_aPreserve your love for science : _blife of William A. Hammond, American neurologist / _cBonnie Ellen Blustein. |
| 250 | _a1st edition | ||
| 260 |
_aCambridge ; _aNew York : _bCambridge University Press, _c1991. |
||
| 300 |
_ax, 289 p. : _bill., map ; _c24 cm. |
||
| 440 | 0 | _aCambridge history of medicine. | |
| 504 | _aIncludes bibliographical references (p. [235]-282) and index. | ||
| 590 | _ac. 1 921138 Ritt 7/24/92 $55. | ||
| 650 | 2 |
_aNeurology _vBiography. |
|
| 653 | _aნევროლოგია | ||
| 700 | 1 | 0 |
_aHammond, William Alexander, _d1828-1900. |
| 942 |
_2udc _cBK _e1 |
||
| 999 |
_c612 _d612 |
||